FIFA World Cup 2026 - Cabo Verde Squad - Statistics

General Stats
  • This quiz has been taken 2 times
  • The average score is 10 of 27
Answer Stats
Team # Position Club/Country Player % Correct
Cabo Verde Manager Cabo Verde Bubista
100%
Cabo Verde 11 RW Apollon Limassol Garry Rodrigues
100%
Cabo Verde 5 CB Villareal CF Logan Costa
100%
Cabo Verde 21 ST Basaksehir FK Nunio Da Costa
100%
Cabo Verde 4 CB Shamrock Rovers Roberto Lopes
100%
Cabo Verde 1 GK GD Chaves Vozinha
100%
Cabo Verde 17 LW Omonia Nicosia Willy Semedo
100%
Cabo Verde 16 CM SC Farense Yannick Semedo
100%
Cabo Verde 19 ST Casa Pia AC Dailon Livramento
50%
Cabo Verde 7 LW CF Estrela Amadora Jovane Cabral
50%
Cabo Verde 20 LW Igdir FK Ryan Mendes
50%
Cabo Verde 13 LB SL Benfica Sidny Lopes Cabral
50%
Cabo Verde 9 ST Akron Tolyatti Benchimol
0%
Cabo Verde 23 GK San Diego FC CJ dos Santos
0%
Cabo Verde 14 CM Ludogorets Razgrad Deroy Duarte
0%
Cabo Verde 3 CB Al-Bataeh CSC Diney Borges
0%
Cabo Verde 26 LW Maccabi Tel Aviv Hélio Varela
0%
Cabo Verde 10 CM PEC Zwolle Jamiro Monteiro
0%
Cabo Verde 8 DM FCSB João Paulo
0%
Cabo Verde 25 CB SJK Seinäjoki Kelvin Pires
0%
Cabo Verde 6 DM FC Krasnodar Kevin Lenini
0%
Cabo Verde 15 DM Puskás Akadémia FC Laros Duarte
0%
Cabo Verde 12 GK Montana Márcio Rosa
0%
Cabo Verde 22 RB Columbus Crew Steven Moreira
0%
Cabo Verde 2 CB SC União Torreense Stopira
0%
Cabo Verde 18 RW Vitória Guimarães SC Telmo Arcanjo
0%
Cabo Verde 24 RB Trabzonspor Wagner Pina
0%
No matching quizzes found
Score Distribution
Percent of People with Each Score
Percentile by Number Answered
Your Score History
You have not taken this quiz